Autour du Meilleur pâtissier - Statistiques

Statistiques générales
  • Ce quiz a été pris 29 fois
  • Le résultat moyen est 12 sur 48
Statistiques - réponses
Hint Réponse % Correct
Membres du jury Toutes saisons Cyril {Lignac}
92%
Généralités Chaine de diffusion principale M6
88%
Membres du jury Toutes saisons {Mercotte}
88%
Généralités Emission créée en 2012
79%
Présentateurs 2012-2017 Faustine {Bollaert}
63%
Membres du jury Saison professionnels 4 Jean-François {Piège}
63%
Présentateurs Depuis 2021 Marie {Portolano}
50%
Présentateurs 2017-2021 Julia {Vignali}
46%
Etapes 3e manche Epreuve créative
38%
Etapes 2e manche Epreuve technique
38%
Généralités Il est adapté d'un programme anglais | britannique
33%
Vainqueurs des éditions spéciales C2 / 2017 Jean-Marc {Généreux}
33%
Vainqueurs Saison 12 Julia
33%
Membres du jury Saisons professionnels 1 & 2 Philippe {Conticini}
33%
Vainqueurs des éditions spéciales C4 / 2019 - Chefs et célébrités Laure {Manaudou}
29%
Vainqueurs Saison 11 Manon
29%
Vainqueurs Saison 9 Elodie
25%
Vainqueurs Saison 10 Maud
25%
Membres du jury Saisons professionnels Pierre {Hermé}
25%
Vainqueurs Saison 4 Cyril
21%
Vainqueurs Saison 8 Camille
17%
Vainqueurs des éditions spéciales C3 / 2018 {EnjoyPhoenix}
17%
Vainqueurs Saison 7 Ludovic
17%
Vainqueurs Saison 6 Rachel
17%
Saisons spéciales Personnalités / C / 2016 à 2019 et 2022 à 2024 Célébrités
13%
Vainqueurs des éditions spéciales P2 / 2018 - Brigade Mori {Yoshida}
13%
Vainqueurs des éditions spéciales P3 / 2019 - Brigade Mori {Yoshida}
13%
Saisons spéciales Pas des amateurs / P / 2017 à 2019 et 2021/2022 Professionnels
13%
Vainqueurs des éditions spéciales C1 / 2016 {Alizée}
8%
Vainqueurs Saison 3 Anne-Sophie
8%
Vainqueurs des éditions spéciales F 2017 Anne-Sophie | Emilie | Pascal
8%
Vainqueurs Saison 5 Chelsea
8%
Saisons spéciales Fin d'année / F / 2015 à 2018 Fêtes
8%
Lieux de tournage Château de Groussay à {Montfort-l'Amaury}
8%
Vainqueurs Saison 2 Mounir
8%
Lieux de tournage Château de Neuville à {Gambais}
8%
Vainqueurs des éditions spéciales P1 / 2017 - Brigade... Thierry [Court}
8%
Vainqueurs Saison 1 Thomas
8%
Vainqueurs des éditions spéciales F 2015 Thomas
8%
Vainqueurs des éditions spéciales F 2016 Abdelkarim | Sandrine
4%
Membres du jury Saison professionnels 2 Audrey {Gellet}
4%
Membres du jury Saison professionnels 3 Benoît {Blin}
4%
Etapes Seulement en saisons 1 & 2 Epreuve carte blanche
4%
Membres du jury Saison professionnels 1 Frédéric {Bau}
4%
Vainqueurs des éditions spéciales P4 / 2020 - Brigade (2 prénoms) {Henri} et {Alexis}
4%
Lieux de tournage Château de {Maillebois}
4%
Vainqueurs des éditions spéciales F 2018 - En famille Sandrine | Lolie
4%
Etapes 1ère manche Classique revisité
0%
Aucun quiz correspondant
Distribution des résultats
% des personnes avec chaque résultat
Percentile par nombre de réponses
Votre historique - résultats
Vous n’avez pas pris ce quiz